US Cities by Hollywood Film Appearances - Statistics

General Stats
  • This quiz has been taken 35 times
  • The average score is 13 of 15
Answer Stats
Hint Answer % Correct
2 New York CIty
100%
4 San Francisco
100%
1 Los Angeles
97%
3 Chicago
94%
7 Miami
94%
8 Boston
90%
5 Las Vegas
87%
13 Philadelphia
87%
15 Dallas
84%
9 Seattle
84%
6 Washington DC
84%
11 Atlanta
77%
14 Detroit
74%
10 New Orleans
71%
12 San Diego
71%
No matching quizzes found
Score Distribution
Percent of People with Each Score
Percentile by Number Answered
Your Score History
You have not taken this quiz